Solid geometry (Record no. 543873)
[ view plain ]
| 000 -LEADER | |
|---|---|
| fixed length control field | 00366nam a22001337a 4500 |
| 082 ## - DEWEY DECIMAL CLASSIFICATION NUMBER | |
| Classification number | 516.23 |
| Author Mark | MAC |
| -- | L-2, P-21. |
| 100 ## - MAIN ENTRY--PERSONAL NAME | |
| Personal name | W. h. macaulay, m.a. |
| 9 (RLIN) | 39375 |
| 245 ## - TITLE STATEMENT | |
| Title | Solid geometry |
| Remainder of title | W. h. macaulay, m.a. |
| 260 ## - PUBLICATION, DISTRIBUTION, ETC. | |
| Place of publication, distribution, etc. | London. |
| Date of publication, distribution, etc. | c1930. |
| 300 ## - PHYSICAL DESCRIPTION | |
| Extent | xii, 303 p. |
| Other physical details | ill. |
| Dimensions | 22 cm. |
| 526 ## - STUDY PROGRAM INFORMATION NOTE | |
| Program name | 0 |
| Interest level | 0 |
| Reading level | 0 |
| Title point value | 516_230000000000000_MAC |
| 650 ## - SUBJECT ADDED ENTRY--TOPICAL TERM | |
| Topical term or geographic name entry element | MCE |
| 9 (RLIN) | 379 |
| 942 ## - ADDED ENTRY ELEMENTS (KOHA) | |
| Source of classification or shelving scheme | |
| Koha item type | Book |
| Withdrawn status | Lost status | Source of classification or shelving scheme | Damaged status | Not for loan | Permanent Location | Current Location | Date acquired | Total Checkouts | Full call number | Barcode | Date last seen | Price effective from | Koha item type |
|---|---|---|---|---|---|---|---|---|---|---|---|---|---|
| Military College of Engineering (MCE) | Military College of Engineering (MCE) | 04/04/2014 | 516.23 MAC | MCE-29095 | 04/04/2014 | 04/04/2014 | Book |
